LEADER 01537nam a2200289 i 4500 001 000000255692 003 CaOOAMICUS 005 20250331104810.0 008 171011s2011 it u000 u ita u 020 $a978-88-7962-183-0 040 $aSeMil$bita 100 1 $aFasoli, Sara.$0(OLS)http://semarc/name/94583 245 10$aPerseveranti nella regolare osservanza :$bi predicatori osservanti nel Ducato di Milano (secc. 15.-16.) /$cSara Fasoli. 264 1$aMilano :$bEdizioni Biblioteca Francescana,$c2011. 300 $aXX, 407 p. ;$c23 cm. 490 1 $aStudi di storia del cristianesimo e delle chiese cristiane ;$v16 650 4$aFrati Predicatori - Storia - Medioevo.$0(OLS)http://semarc/subject/51258 650 4$aMilano (Ducato) - Storia religiosa.$0(OLS)http://semarc/subject/56525 650 4$aOrdini mendicanti - Milano - Sec. 15.-16.$0(OLS)http://semarc/subject/46961 830 0$aStudi di storia del cristianesimo e delle chiese cristiane ;$v16.$0(OLS)http://semarc/title/5747 850 $aSeMil 852 $aSeMil$W1$xVenegono$y1$m3TA N 16$j255554$B206038$CSeMilBibl$Z2$F219457 $81 961 $aSottoscrizione: LdS 996 $6020$a978-88-7962-183-0$9(OLS)http://semarc/number/279682 996 $6245$aPerseveranti nella regolare osservanza :$bi predicatori osservanti nel Ducato di Milano (secc. 15.-16.)$9(OLS)http://semarc/title/411822 996 $6264$aMilano :$bEdizioni Biblioteca Francescana$9(OLS)http://semarc/publisher/29947 LEADER 01011nam a2200205 i 4500 001 000000043345 003 CaOOAMICUS 005 20090812000000.0 008 090812s1972 it u000 u ita u 013 $a14515 040 $aSeMil$bita 245 10$a1. Exposición bibliográfica internacíonal sobre el misterio de Dios, Salamanca 8 al 15 de octubre de 1972. 260 $aSalamanca :$bSegretariado trinitario,$c1972. 300 $a219 p. ;$c21 cm. 650 4$aTeologia - Bibliografia.$0(OLS)http://semarc/subject/9245 700 1 $aExposición bibliográfica internacional sobre el Misterio de Dios. <1. ; 1972 ; Salamanca>.$0(OLS)http://semarc/name/21523 850 $aSeMil 852 $aSeMil$W1$xVenegono$y1$m2B II 180$j9500$B9500$CSeMilBibl$Z2$F9500 $81 996 $6245$a1. Exposición bibliográfica internacíonal sobre el misterio de Dios, Salamanca 8 al 15 de octubre de 1972$9(OLS)http://semarc/title/63629 996 $6260$aSalamanca :$bSegretariado trinitario$9(OLS)http://semarc/publisher/40429